Every Gigantamax Form in Pokémon - Statistics

General Stats
  • This quiz has been taken 14 times
  • The average score is 23 of 33
Answer Stats
Hint Answer % Correct
Electric Gigantamax Pikachu
92%
Grass/Poison Gigantamax Venusaur
92%
Water Gigantamax Blastoise
85%
Bug/Flying Gigantamax Butterfree
85%
Fire/Flying Gigantamax Charizard
85%
Ghost/Poison Gigantamax Gengar
85%
Fire Gigantamax Cinderace
77%
Normal Gigantamax Eevee
77%
Water/Ice Gigantamax Lapras
77%
Fighting Gigantamax Machamp
77%
Fighting/Water Gigantamax Urshifu (Rapid Strike)
77%
Fighting/Dark Gigantamax Urshifu (Single Strike)
77%
Grass/Dragon Gigantamax Appletun
69%
Steel Gigantamax Copperajah
69%
Grass/Dragon Gigantamax Flapple
69%
Poison Gigantamax Garbodor
69%
Psychic/Fairy Gigantamax Hatterene
69%
Water Gigantamax Inteleon
69%
Grass Gigantamax Rillaboom
69%
Fairy Gigantamax Alcremie
62%
Fire/Bug Gigantamax Centiskorch
62%
Rock/Fire Gigantamax Coalossal
62%
Flying/Steel Gigantamax Corviknight
62%
Water/Rock Gigantamax Drednaw
62%
Steel/Dragon Gigantamax Duraludon
62%
Dark/Fairy Gigantamax Grimmsnarl
62%
Water Gigantamax Kingler
62%
Bug/Psychic Gigantamax Orbeetle
62%
Normal Gigantamax Snorlax
62%
Electric/Poison Gigantamax Toxtricity
62%
Steel Gigantamax Melmetal
54%
Normal Gigantamax Meowth
54%
Ground Gigantamax Sandaconda
54%
No matching quizzes found
Score Distribution
Percent of People with Each Score
Percentile by Number Answered
Your Score History
You have not taken this quiz